| Tag |
First Indicator |
Second Indicator |
Subfields |
| LEADER |
00000cam a22000001a 4500 |
| 001 |
in00000075503 |
| 005 |
20151008053631.0 |
| 008 |
780118s1971 bl b b 00010 porm |
| 010 |
|
|
|a 75403133
|
| 035 |
|
|
|a (OCoLC)01003040
|
| 035 |
|
|
|9 AAH8097AM
|
| 040 |
|
|
|a DLC
|c DLC
|d TXA
|d UtOrBLW
|
| 043 |
|
|
|a sa-----
|
| 049 |
|
|
|a TXAM
|c [1654631]
|
| 050 |
0 |
0 |
|a HT395.B72
|b A428
|
| 100 |
1 |
|
|a Mendes, Armando Dias.
|
| 245 |
1 |
0 |
|a Viabilidade economica da Amazonia /
|c Armando Mendes.
|
| 264 |
|
1 |
|a [Belem] :
|b Universidade Federal do Para,
|c 1971.
|
| 300 |
|
|
|a 151 pages :
|b maps ;
|c 23 cm.
|
| 336 |
|
|
|a text
|b txt
|2 rdacontent
|
| 337 |
|
|
|a unmediated
|b n
|2 rdamedia
|
| 338 |
|
|
|a volume
|b nc
|2 rdacarrier
|
| 490 |
1 |
|
|a Colecao amazonica. Serie Tavares Bastos
|
| 504 |
|
|
|a Includes bibliographical references.
|
| 650 |
|
0 |
|a Regional planning
|z Amazon River Valley.
|
| 651 |
|
0 |
|a Amazon River Valley
|x Economic conditions.
|
| 830 |
|
0 |
|a Colecao amazonica.
|p Serie Tavares Bastos.
|
| 999 |
|
|
|a MARS
|
| 999 |
f |
f |
|s 3588ae22-9163-3957-ba03-f4bcaf29e11d
|i bd4e2a10-dd72-395d-bdb9-764f4c942beb
|t 0
|
| 952 |
f |
f |
|p ric
|a Texas A&M University
|b Rellis Campus
|c Joint Library Facility
|d Remote Storage
|t 0
|e HT395.B72 A428
|h Library of Congress classification
|i unmediated -- volume
|m A14806145067
|
| 998 |
f |
f |
|a HT395.B72 A428
|t 0
|l Remote Storage
|